ARRUPE JESUIT UNIVERSITY

CORONAVIRUS -STOP THE SPREAD - CLEAN,DISINFECT,COVER

The ingenious Mr. Gainsborough; (Record no. 130349)

MARC details
000 -LEADER
fixed length control field 00775nam a2200265 4500
001 - CONTROL NUMBER
control field 774428
003 - CONTROL NUMBER IDENTIFIER
control field ARRUPE
005 - DATE AND TIME OF LATEST TRANSACTION
control field 20200212094012.0
008 - FIXED-LENGTH DATA ELEMENTS--GENERAL INFORMATION
fixed length control field 720627s1972 enka b 001 0beng
010 ## - LIBRARY OF CONGRESS CONTROL NUMBER
LC control number 72181495
015 ## - NATIONAL BIBLIOGRAPHY NUMBER
National bibliography number B***
020 ## - INTERNATIONAL STANDARD BOOK NUMBER
International Standard Book Number 0709128223
040 ## - CATALOGING SOURCE
Original cataloging agency DLC
Transcribing agency DLC
Modifying agency DLC
050 00 - LIBRARY OF CONGRESS CALL NUMBER
Classification number ND497.G2
Item number W53 1972
082 00 - DEWEY DECIMAL CLASSIFICATION NUMBER
Classification number 759.2
-- B
300 ## - PHYSICAL DESCRIPTION
Other physical details illus.
Dimensions 23 cm.
100 1# - MAIN ENTRY--PERSONAL NAME
Personal name Williamson, Geoffrey.
9 (RLIN) 49505
245 14 - TITLE STATEMENT
Title The ingenious Mr. Gainsborough;
Remainder of title a biographical study.
Statement of responsibility, etc Geoffrey Williamson
260 ## - PUBLICATION, DISTRIBUTION, ETC. (IMPRINT)
Place of publication, distribution, etc London,
Name of publisher, distributor, etc Robert Hale,
Date of publication, distribution, etc 1972.
300 ## - PHYSICAL DESCRIPTION
Extent 224 p.
350 ## - PRICE (NR) (BK AM CF MU VM SE) [OBSOLETE]
Price £3.20
504 ## - BIBLIOGRAPHY, ETC. NOTE
Bibliography, etc Bibliography: p. 216-217.
600 10 - SUBJECT ADDED ENTRY--PERSONAL NAME
Personal name Gainsborough, Thomas,
Dates associated with a name 1727-1788.
9 (RLIN) 49506
906 ## - LOCAL DATA ELEMENT F, LDF (RLIN)
a 7
b cbc
c orignew
d 3
e ncip
f 19
g y-gencatlg
942 ## - ADDED ENTRY ELEMENTS (KOHA)
Source of classification or shelving scheme Library of Congress Classification
Koha item type Monograph ( Printed materials)
Holdings
Withdrawn status Lost status Source of classification or shelving scheme Damaged status Not for loan Collection code Home library Current library Shelving location Date acquired Total Checkouts Full call number Barcode Date last seen Price effective from Koha item type
    Library of Congress Classification     Main Collection ARRUPE LIBRARY ARRUPE LIBRARY Main Collection 12/02/2020   ND497.G2 W53 1972 46600006457 12/02/2020 12/02/2020 Monograph ( Printed materials)

 

Arrupe Library. PO Box MP320 Mt Pleasant, Harare, Zimbabwe
263 242 745411|librarian@aju.ac.zw